这些已经撤销的市辖区在哪些城市? - Statistics

General Stats
  • This quiz has been taken 27 times
  • The average score is 3 of 6
Answer Stats
Hint Answer % Correct
太平区 哈尔滨
100%
南市区 保定/上海
100%
下城区 杭州
100%
汉沽区 天津
100%
平江区 苏州
100%
卢湾区 上海
100%
崇文区 北京
100%
白下区 南京
100%
闸北区 上海
67%
萝北区 广州
67%
万盛区 重庆
67%
南郊区 大同
67%
金阊区 苏州
67%
茂港区 茂名
60%
维扬区 扬州
50%
东山区 广州
50%
港闸区 南通
43%
双桥区 重庆
40%
梅列区 三明
40%
沧浪区 苏州
40%
石湾区 佛山
33%
北市区 保定
33%
乌马河区 伊春
29%
金山屯区 伊春
25%
河浦区 汕头
25%
清江区 淮安
20%
小河区 贵阳
0%
振东区 海口
0%
新浦区 连云港
0%
三山区 芜湖
0%
桥东区 石家庄
0%
江东区 宁波
0%
吉利区 洛阳
0%
城区 长治/大同/佛山
0%
蝶山区 梧州
0%
No matching quizzes found
Score Distribution
Percent of People with Each Score
Percentile by Number Answered
Your Score History
You have not taken this quiz